I am right, you are wrong : from this to the New Renaissance : from rock logic to water logic

Bibliographic Details
Main Author: De Bono, Edward (Author)
Format: Book
Language:English
Published: London : Penguin Books 1991
Subjects:

MARC

LEADER 00000cam a2200000 7i4500
001 0000003912
005 20240930.0
008 991207 enk eng
020 |a 0140126783 
040 |a INS   |b eng   |e rda 
090 0 0 |a BF311   |b .D42 1991 
100 1 |a De Bono, Edward ,   |e author 
245 1 0 |a I am right, you are wrong :   |b from this to the New Renaissance : from rock logic to water logic   |c Edward De bono 
264 1 |a London :   |b Penguin Books   |c 1991 
300 |a xx, 293 pages ;   |c 20 cm. 
336 |a text  |2 rdacontent 
337 |a unmediated  |2 rdamedia 
338 |a volume  |2 rdacarrier 
650 0 |a Creative thinking 
650 0 |a Perception. 
650 0 |a Thought and thinking 
999 |a 0000005172   |b BOOK   |c Open Shelf   |e Default branch